Дело по прошению господина Сушкова о постановке его пьесы "Бедность и благотворительность"

RUSMARC
00006009cbc2a2200000#x 450
0017ec9d2eb-bc31-4f0e-8464-9776d9ea2bf5
00520191219142609.0
100##$a20170623l18451846k l0rusy0189 ca
1010#$arus
102##$aRU
2001#$aДело по прошению господина Сушкова о постановке его пьесы "Бедность и благотворительность"
$j15 ноября 1845 г. - 7 января 1846 г.
251##$cДело
300##$aПо Московской дирекции за 1845 год
300##$aОригинальный заголовок дела: Дело по прошению господина Сушкова о принятии от него пьесы под названием "Бедность и благотворительность". 15 ноября 1845 г. - 7 января 1846 г.
300##$aРукописный текст. Чернила
801#0$aRU
$bРГИА
$c20170623
801#1$aRU
$bГлавНИВЦ
$c20170623
$2rusmarc
801#2$aRU
$bПБ им. Б.Н. Ельцина
$c20181225
$gRCR
$2rusmarc
850##$aФедеральное казенное учреждение "Российский государственный исторический архив" (РГИА)
852##$aРГИА
$j10632
937##$hРГИА
$d12245778
$aASBIBLIO_SCAN
462#0$1001dd3991dc-24e1-42ec-8838-ca4255420416
$12001
$a1746-1850 гг.
$vД. 10632
$1251
$cОпись
$1852
$j1
461#0$10019264ebf8-de62-4f1a-9eb4-9f22098dbbd5
$12001
$aДирекция императорских театров МИДв
$1251
$cФонд
$1852
$j497
215##$a5 листов
$d36,5х26 см
371##$aДокумент не является опубликованным и широко распространяемым
5171#$aДело по прошению господина Сушкова о принятии от него пьесы под названием "Бедность и благотворительность"
$e15 ноября 1845 г. - 7 января 1846 г.
105##$ay###
1222#$ad18451115##
$ad18450107##
035##$a7ec9d2eb-bc31-4f0e-8464-9776d9ea2bf5
856##$uhttp://readingroom.main.prlib.ru/item.aspx?id_node=n122310701&mode=full
600#1$aСушков
$bН.В.
$gНиколай Васильевич
$f1796 - 1871
$jДокументы и материалы
$2nlr_sh1
$3RU\NLR\AUTH\661032980
6061#$2nlr_sh1
$3RU\NLR\AUTH\66425564
$aЗапрещенные театральные пьесы
$yРоссия
$jДокументы и материалы
60101$2prlib_sh
$3LIBNET\UAF\0000084209
$aРоссия
$bДирекция императорских театров
$bМосковская контора
$jДокументы и материалы
686##$2rubbk
$a85.334
$vLBC/M
686##$a63.3(2)521-7
$vLBC/M
$2rubbk
605##$2acquisition_Prlib
$3LIBNET\UAF\0000080478
$aГод театра в России
$lколлекция
605##$2acquisition_Prlib
$3DITM\AF\0000004166
$aРоссия в лицах
$lколлекция
Формат отображения